000 00226nam a22000857a 4500
008 160712b xxu||||| |||| 00| 0 eng d
100 _92645
_a Shankar, A
245 _aSonali's Friend
260 _aNew Delhi
_bNational Book Trust
_c2003
999 _c2298
_d2298